Los libros y la historia de la Biblia: introducción a las sagradas escrituras
محفوظ في:
| المؤلف الرئيسي: | |
|---|---|
| التنسيق: | كتاب |
| اللغة: | الإسبانية |
| منشور في: |
Buenos Aires
San Benito
2001
|
| الطبعة: | 1a. ed |
| سلاسل: | Colección Andamios. Sagradas Escrituras
|
| الموضوعات: | |
| الوسوم: |
إضافة وسم
لا توجد وسوم, كن أول من يضع وسما على هذه التسجيلة!
|
MARC
| LEADER | 00000nam a2200000 a 4500 | ||
|---|---|---|---|
| 001 | UCK6474 | ||
| 003 | CL-VaPUC | ||
| 008 | 050930e20010300AG |||||||||||||||||spa|d | ||
| 020 | |a 9879862120 | ||
| 082 | 0 | 4 | |a 220.61 |b RIV |2 21 |
| 100 | 0 | |a Rivas, Luis Heriberto |e author |9 495800 | |
| 245 | 1 | 4 | |a Los libros y la historia de la Biblia: introducción a las sagradas escrituras |
| 250 | |a 1a. ed | ||
| 300 | |a 223 p | ||
| 942 | |c BK | ||
| 945 | |d 20050930 00:00:00 |a jcarroza | ||
| 260 | |a Buenos Aires |b San Benito |c 2001 | ||
| 650 | 7 | |a HISTORIA DE LA BIBLIA |2 CL-VaPUC |9 472058 | |
| 650 | 0 | |a Biblia |9 257603 | |
| 650 | 0 | |a Textos sagrados |9 257605 | |
| 650 | 0 | |a Sagradas escrituras |9 349657 | |
| 583 | |a last modification |c 20050930 00:00:00 |k Rodrigo Vera | ||
| 490 | 0 | |a Colección Andamios. Sagradas Escrituras | |
| 999 | |c 314758 |d 314756 | ||
| 952 | |0 0 |1 2 |4 0 |6 220_610000000000000_RIV_2001 |7 0 |8 A |9 387475 |a BIBTEO |b BIBTEO |d 2019-11-22 |i 4169328 |o 220.61 RIV 2001 |p 4169328 |r 2019-11-22 |w 2019-11-22 |y BK |k ICR | ||